000 00801nam a2200217Ia 4500
001 9626
003 GE_BSU
008 181216s||||||||xx |||||||||||||| ||und||
040 _cGE_BSU
080 _a821.353.1-31+821.353.1-32
100 _aმრევლიშვილი,მიხეილ
245 _aოქროს ზარნიშიანი ხანჯალი
245 _bრომანები და მოთხრობები
245 _cრედ:რ.ორჯონიკიძე;მხატვ:ტ.ჩიგოგიძე
260 _aთბილისი.
260 _bსაბჭ.საქართველო
260 _c1966
300 _a331გვ;21სმ
653 _aრომანები და მოთხრობები
942 _cBK
999 _c42910
_d42910